000 00380nam a2200169Ia 4500
003 0100
008 130303s9999 xx 000 0 und d
040 _cARRUPELIB
050 _aJC571.R54 1979
100 _aLyons, David
245 _aRights
260 _aBelmont, California
260 _bWadsworth Publishing Company, INC
260 _C1979
300 _a188p
942 0 0 _02
999 _c27084
_d27084